000 01388cam a22002774a 4500
999 _c57807
_d57807
001 13444134
005 20201209124519.0
008 031224s2008 enka b 001 0 eng
020 _a9781846730344
080 _a339.1(075.8) T-44
245 0 4 _aThe handbook of international trade :
_ba guide to the principles and practice of export /
_cconsultant editors, Jim Sherlock & Jonathan Reuvid.
250 _asecond edition
264 _aLondon :
_bGMB Publishing Limited,
_c2008.
300 _a402 p. :
_bill. ;
_c24 cm.
650 0 _aExport marketing
_zGreat Britain
_vHandbooks, manuals, etc.
_99890
650 0 _aExport marketing
_vHandbooks, manuals, etc.
_99891
653 _aექსპორტის მარკეტინგი
653 _aეკონომიკა
700 1 _aSherlock, Jim.
_eრედაქტორი
_99892
700 1 _aReuvid, Jonathan.
_eრედაქტორი
_99893
856 4 1 _3Table of contents
_uhttp://www.loc.gov/catdir/toc/ecip0412/2003028086.html
856 4 2 _3Publisher description
_uhttp://www.loc.gov/catdir/enhancements/fy0715/2003028086-d.html
856 4 2 _3Contributor biographical information
_uhttp://www.loc.gov/catdir/enhancements/fy0912/2003028086-b.html
942 _2udc
_cBK
955 _asb15 2003-12-24
_csb15 2003-12-24 ;
_aaa19 2003-12-30
_aps04 2004-04-20 1 copy rec'd., to CIP ver.
_asp11 2004-06-21 Copy 2 to BCCD